Регионална библиотека "Любен Каравелов" - Русе

Фружин (Запис номер 138009)

MARC детайли
000 -Лидер
Контролно поле с фиксирана дължина 01349nam a2200349 c 4500
003 - Код на организацията, давaща контролен номер
Контролно поле BLK
005 - Дата и час на последна редакция
Контролно поле 20220824152949.0
008 - Елементи от данни с фиксирана дължина
fixed length control field 180409b bul|||||r ||||||| ||bul||
010 ## - Наследен системен номер
LC control number KNG00143988000
040 ## - Източник на каталожния запис
Идентификатор на билиотеката - собственик на записа BLK
041 ## - Код за език
Код за езика на текст/звукозапис или на отделно заглавие Български
Код за езика КДБФ Български
080 ## - УДК
Текстов определител УДК Българска литература
УДК код - определител по УДК 821.163.2
УДК определител -311.6
УДК - код + определител 821.163.2-311.6
080 ## - УДК
Текстов определител УДК Българските земи през ХV - ХVІ век
УДК код - определител по УДК 94(497.2)"1396/1600"
УДК определител (092)(0:82-31)
УДК - код + определител 94(497.2)"1396/1600"(092)(0:82-31)
080 ## - УДК
Текстов определител УДК Син на последния търновски цар Иван Шишман
УДК код - определител по УДК 929 Фружин
УДК - код + определител 929 Фружин
100 1# - Редна дума - Автор
Автор Борисов, Атанас
Авторска отговорност първи автор
R(LIN) 326101
139 ## - Редно поле
Редна дума Борисов, Атанас
Авторски знак Борд - Б 65
245 10 - Сведения за заглавието
Заглавие Фружин
Подзаглавни данни Ист. роман
Редно поле (дума) Атанас Борисов.
257 ## - Страна на издаване
Страна на създаване/издаване България
260 ## - Област на издателските данни
Място на издаване, разпространение и проч. София
Име на издателя, разпространителя и проч. Държ. воен. изд.
Година на издаване 1974
300 ## - Физическа характеристика
Страници 180 с.
Размери/Мащаб 20 см
380 ## - Жанр
Жанр Худож. лит.
490 ## - СЕРИИ (Колекции)
Име на серия Библиотека Векове от слава
9 (RLIN) 206734
500 ## - Общи забележки
Забележка 8 120 тир.
600 14 - Име на лице, използвано като предмет
За него / За нея Фружин
9 (RLIN) 224437
653 ## - Ключова дума – ненормативна
Ключова дума исторически романи
653 ## - Ключова дума – ненормативна
Ключова дума Фружин
852 ## - Местоположение
Форматна сигнатура Цб 72963
856 4# - Електронен адрес и достъп
Електронен формат pdf - файл
856 4# - Електронен адрес и достъп
Електронен формат pdf - файл
999 ## - СИСТЕМНИ КОНТРОЛНИ НОМЕРА
Koha biblionumber 138009
Koha biblioitemnumber 138009
942 ## - АРТИКУЛИ
Вид на библиотечния материал Книги
Скрит в OPAC Не
Периодичен библиозапис Да
944 ## - СЪЗДАВАНЕ И РЕДАКЦИЯ на ЗАПИСА
Създаване/Редакция Създаване
Дата на регистрацията/редакция 13.06.2013
Статус, дата на статуса ф / 13.06.2013
Служител, извършил регистрацията/редакцията Наталия_Любомирова
944 ## - СЪЗДАВАНЕ И РЕДАКЦИЯ на ЗАПИСА
Създаване/Редакция Редакция
Дата на регистрацията/редакция 02.09.2015
Статус, дата на статуса ф / 13.06.2013
944 ## - СЪЗДАВАНЕ И РЕДАКЦИЯ на ЗАПИСА
Създаване/Редакция Редакция
Дата на регистрацията/редакция 2022-08-24
Служител, извършил регистрацията/редакцията Христина Везирева
999 ## - СИСТЕМНИ КОНТРОЛНИ НОМЕРА
Koha biblioitemnumber 138009
Наличности
Код за отписване Код за изгубен артикул Източник на класификационната схема Код за повреда Коз за рестрикции Код за отдаване Артикулен № Име на библиотеката - собственик Име на библиотеката, в която се намира в момента Статус (Текущо местоположение) Дата на вписване в системата Местоположение - отдел Цена в лева Инвентарен номер Систематично азбучна сигнатура Баркод Номер на екземпляра Цена в евро Служебна бележка Служебен тип на артикула Бележка за публиката
  Не е изгубен Universal Decimal Classification Не е повреден без рестрикции ползва се в читалня 225646 Регионална библиотека "Любен Каравелов" Русе Регионална библиотека "Любен Каравелов" Русе Хранилище 1974-01-01 Хранилище 0.74 169583 Цб 72963 120000169583 1 0.38 Дост: Dp Вид: Д N: стар фонд Дата: 01.01.1974 Книги  
Изтеглен Не е изгубен Universal Decimal Classification Не е повреден без рестрикции заемане за дома 225647 Регионална библиотека "Любен Каравелов" Русе Регионална библиотека "Любен Каравелов" Русе Заемна - подръчен фонд 1974-01-01 Заемна - подръчен фонд 0.91 169995 П 886.7-31/Б 64 169995 2 0.47 Дост: Pk Вид: Ф N: стар фонд Дата: 01.01.1974 Книги  
Изтеглен Не е изгубен Universal Decimal Classification Не е повреден без рестрикции заемане за дома 225648 Регионална библиотека "Любен Каравелов" Русе Регионална библиотека "Любен Каравелов" Русе Заемна - подръчен фонд 1974-01-01 Заемна - подръчен фонд 0.91 169996 П 886.7-31/Б 64 169996 3 0.47 Дост: Pk Вид: Ф N: стар фонд Дата: 01.01.1974 Книги  
Изтеглен Не е изгубен Universal Decimal Classification Не е повреден без рестрикции заемане за дома 225649 Регионална библиотека "Любен Каравелов" Русе Регионална библиотека "Любен Каравелов" Русе Заемна - подръчен фонд 1974-01-01 Заемна - подръчен фонд 0.44 169997 П 886.7-31/Б 64 169997 4 0.22 Дост: Pk Вид: Ф N: стар фонд Дата: 01.01.1974 Книги  
Изтеглен Не е изгубен Universal Decimal Classification Не е повреден без рестрикции заемане за дома 225650 Регионална библиотека "Любен Каравелов" Русе Регионална библиотека "Любен Каравелов" Русе Заемна - подръчен фонд 1974-01-01 Заемна - подръчен фонд 0.91 170000 П 886.7-31/Б 64 170000 5 0.47 Дост: Pk Вид: Ф N: стар фонд Дата: 01.01.1974 Книги  
Изтеглен Не е изгубен   Не е повреден без рестрикции заемане за дома 225651 Регионална библиотека "Любен Каравелов" Русе Регионална библиотека "Любен Каравелов" Русе   1974-01-01 Детски отдел 0.91 170110 ДХ 886.7/Б 65 170110 6 0.47 Дост: Pk Вид: Ф N: стар фонд Дата: 01.01.1974 Дата инв: 02.09.2015 Бележки инв: Д2015 Книги Отч.N: 23/2017 , Дата: 09.08.2017
Vip Innovations Ltd, Rousse, Bulgaria 2025